Barron's how to prepare for the AP pscyhology advanced placement examination / (Record no. 4150)
[ view plain ]
| 000 -LEADER | |
|---|---|
| fixed length control field | 01532cac a22003491u 4500 |
| 090 ## - LOCALLY ASSIGNED LC-TYPE CALL NUMBER (OCLC); LOCAL CALL NUMBER (OCLC) | |
| -- | 4150 |
| 008 - FIXED-LENGTH DATA ELEMENTS--GENERAL INFORMATION | |
| fixed length control field | 081105t2004 xxu||||| |||| 00| 0 eng d |
| 010 ## - LIBRARY OF CONGRESS CONTROL NUMBER | |
| LC control number | 2003056001 |
| 020 ## - INTERNATIONAL STANDARD BOOK NUMBER | |
| International Standard Book Number | 0764123491 (book) |
| 020 ## - INTERNATIONAL STANDARD BOOK NUMBER | |
| International Standard Book Number | 0764179098 (package w/CD-ROM) |
| 082 00 - DEWEY DECIMAL CLASSIFICATION NUMBER | |
| Classification number | 150.76 |
| Item number | MCE |
| 100 ## - MAIN ENTRY--PERSONAL NAME | |
| Personal name | McEntarffer, Robert. |
| 245 10 - TITLE STATEMENT | |
| Title | Barron's how to prepare for the AP pscyhology advanced placement examination / |
| Statement of responsibility, etc | Robert McEntarffer, Allyson J. Weseley. |
| 246 3# - VARYING FORM OF TITLE | |
| Title proper/short title | How to prepare for the AP psychology advanced placement examination |
| 246 3# - VARYING FORM OF TITLE | |
| Title proper/short title | AP psychology |
| 250 ## - EDITION STATEMENT | |
| Edition statement | 2nd ed. |
| 260 ## - PUBLICATION, DISTRIBUTION, ETC. (IMPRINT) | |
| Place of publication, distribution, etc | Hauppauge, N.Y. : |
| Name of publisher, distributor, etc | Barron's, |
| Date of publication, distribution, etc | c2004. |
| 300 ## - PHYSICAL DESCRIPTION | |
| Extent | v, 314 p. ; |
| Dimensions | 28 cm. |
| 500 ## - GENERAL NOTE | |
| General note | Includes index. |
| 500 ## - GENERAL NOTE | |
| General note | Distributer : Dar Fathy Taha Mohamed Desoukey |
| 511 ## - PARTICIPANT OR PERFORMER NOTE | |
| Participant or performer note | Catalogued by: Sara |
| 538 ## - SYSTEM DETAILS NOTE | |
| System details note | System requirements for accopmanying CD-ROM: Windows and Mac. |
| 650 #0 - SUBJECT ADDED ENTRY--TOPICAL TERM | |
| Topical term or geographic name as entry element | Psychology |
| Form subdivision | Examinations, questions, etc. |
| 650 #0 - SUBJECT ADDED ENTRY--TOPICAL TERM | |
| Topical term or geographic name as entry element | Psychology |
| General subdivision | Examinations |
| Form subdivision | Study guides. |
| 650 #0 - SUBJECT ADDED ENTRY--TOPICAL TERM | |
| Topical term or geographic name as entry element | Advanced placement programs (Education) |
| 700 1# - ADDED ENTRY--PERSONAL NAME | |
| Personal name | Weseley, Allyson. |
| 856 42 - ELECTRONIC LOCATION AND ACCESS | |
| Materials specified | Publisher description |
| Uniform Resource Identifier | <a href="http://www.loc.gov/catdir/enhancements/fy0614/2003056001-d.html">http://www.loc.gov/catdir/enhancements/fy0614/2003056001-d.html</a> |
| 856 42 - ELECTRONIC LOCATION AND ACCESS | |
| Materials specified | Table of contents only |
| Uniform Resource Identifier | <a href="http://www.loc.gov/catdir/enhancements/fy0614/2003056001-t.html">http://www.loc.gov/catdir/enhancements/fy0614/2003056001-t.html</a> |
| 942 ## - ADDED ENTRY ELEMENTS (KOHA) | |
| Item type | Book - Borrowing |
| Call number prefix | 150.76MCE |
| Source of classification or shelving scheme | Dewey Decimal Classification |
| Withdrawn status | Item status | Damaged status | Not for loan | Home library | Current library | Shelving location | Date acquired | Source of acquisition | Total Checkouts | Total Renewals | Full call number | Barcode | Date last seen | Date last borrowed | Koha item type | Cost, replacement price |
|---|---|---|---|---|---|---|---|---|---|---|---|---|---|---|---|---|
| Central Library | Central Library | Lower Floor | 23/08/2007 | Purchase | 4 | 8 | 150.76MCE | 000005227 | 15/07/2025 | 11/11/2020 | Book - Borrowing | |||||
| Central Library | Central Library | Lower Floor | 23/08/2007 | Purchase | 4 | 29 | 150.76MCE | 000010948 | 09/05/2026 | 12/11/2025 | Book - Borrowing | 50.00 |